000 00569nam a2200205 i 4500
001 C2-0303128
003 PPAK
005 20180728084121.0
008 100315s1987 my |||| ||||| | may d
040 _aPPAK
_beng
_cPPAK
_erda
082 0 4 _a657.3
_223
090 0 0 _a657.3
_bUNI
_dKIH
245 0 0 _aLaporan audit dan penyata kira-kira 1987
264 1 _aBangi, Selangor :
_bUniversiti Kebangsaan Malaysia ,
_c1987
300 _a24 pages ;
_c25 cm
336 _2rdacontent
_atext
337 _2rdamedia
_aunmediated
338 _2rdacarrier
_avolume
942 _ddc
_cB
999 _c106540
_d106540